000 00519nam a22001577a 4500
003 NUST
082 _a621
100 _a Butt ,Abdul Hadi
_9122205
245 _aAeroacoustic Analysis of a Vertical Axis Wind Turbine /
_cAbdul Hadi Butt
264 _aIslamabad:
_bSMME- NUST.
_c2020.
300 _a88p. ;
_bSoft Copy,
_c30cm.
650 _aMS Mechanical Engineering
_9119495
700 _aSupervisor : Dr. Emad Uddin
_9119529
856 _uhttp://10.250.8.41:8080/xmlui/handle/123456789/13149
942 _2ddc
_cTHE
999 _c608742
_d608742